Classification, grading and rental index for shopping centres in Malaysia

Bibliographic Details
Main Author: Zulkarnain Zakaria
Format: Book
Language:English
Subjects:

MARC

LEADER 00000cam a2200000 7i4500
001 0000027748
005 20180207.0
008 180125 my a eng
040 |a INS   |b eng   |c INS   |e rda 
090 0 0 |a Research337 
100 1 |a Zulkarnain Zakaria 
245 1 0 |a Classification, grading and rental index for shopping centres in Malaysia   |c Zulkarnain Zakaria 
264 0 |c 2017 
300 |a ix, 206 paging :   |b illustration ;   |c 30 cm. 
336 |a text  |2 rdacontent 
337 |a unmediated  |2 rdamedia 
338 |a volume  |2 rdacarrier 
650 0 |a Shopping centers   |z Malaysia 
999 |a RES0000592   |b BOOK   |c Research By JPPH Staff   |e Default branch